<?xml version="1.0" encoding="UTF-8"?>
<collection xmlns="http://www.loc.gov/MARC21/slim">
 <record>
  <leader>     na                 </leader>
  <controlfield tag="001">INLIS000000000003103</controlfield>
  <controlfield tag="005">20221026100029</controlfield>
  <datafield tag="035" ind1=" " ind2=" ">
   <subfield code="a">0010-0520003103</subfield>
  </datafield>
  <controlfield tag="008">221026                |          | eng  </controlfield>
  <datafield tag="020" ind1=" " ind2=" ">
   <subfield code="a">9781422102084</subfield>
  </datafield>
  <datafield tag="041" ind1=" " ind2=" ">
   <subfield code="a">eng</subfield>
  </datafield>
  <datafield tag="082" ind1=" " ind2=" ">
   <subfield code="a">338.709 51</subfield>
  </datafield>
  <datafield tag="084" ind1=" " ind2=" ">
   <subfield code="a">338.709 51 ZEN d</subfield>
  </datafield>
  <datafield tag="100" ind1="0" ind2=" ">
   <subfield code="a">Zeng, Ming</subfield>
  </datafield>
  <datafield tag="700" ind1="0" ind2=" ">
   <subfield code="a">And Peter J. Williamson</subfield>
  </datafield>
  <datafield tag="245" ind1="1" ind2=" ">
   <subfield code="a">Dragons At Your Door :</subfield>
   <subfield code="b">How Chinese Cost Innovation Disrupting Global Competition /</subfield>
   <subfield code="c">Ming Zeng</subfield>
  </datafield>
  <datafield tag="260" ind1=" " ind2=" ">
   <subfield code="a">Boston :</subfield>
   <subfield code="b">Warner Books,</subfield>
   <subfield code="c">2007</subfield>
  </datafield>
  <datafield tag="300" ind1=" " ind2=" ">
   <subfield code="a">xi, 239 p. :</subfield>
   <subfield code="b">: illus. ;</subfield>
   <subfield code="c">25 cm</subfield>
  </datafield>
  <datafield tag="500" ind1=" " ind2=" ">
   <subfield code="a">Indeks : p. 211 - 236</subfield>
  </datafield>
  <datafield tag="520" ind1=" " ind2=" ">
   <subfield code="a">&quot;The first book to examine this new force, Dragons at Your Door exposes the strategies, strengths, and limitations of these fast-rising competitors and surfaces the logic enabling them to attack high-end industries. The authors provide critical new insight into the nature of these unique companies ? including Huawei, Lenovo, Haier, China International Marine Container, Wanxiang, and Pearl River Piano. And Drawing on examples from multinationals such as Nokia, Intel, GE Medical, LG, Philips, and Procter &amp; Gamble, Zeng and Williamson explainhow to prosper in the face of disruptive competition from the dragon. The Keys: ? Combining cost innovation with your existing strengths to beat dragons at their own game. ? Leveraging your international network to harness knowledge scattered around the world and develop extensive and customized product lines. &quot; ? Challenging the conventional wisdom that today?s niche market segments must inevitably remain low-volume and high-price. ? Transforming the Role China plays in your global network to capture cost advantages in R&amp;D, design, and engineering as well as manufacturing, customization, and service. The Authors also put forward a radical alternative: forge a global alliance with a Chinese company-and use it to bolster your chances of success not just in China but in global markets.</subfield>
  </datafield>
  <datafield tag="650" ind1=" " ind2="4">
   <subfield code="a">Strategic Management - Chinese</subfield>
  </datafield>
  <datafield tag="650" ind1=" " ind2="4">
   <subfield code="a">Business Enterprises - China</subfield>
  </datafield>
  <datafield tag="990" ind1=" " ind2=" ">
   <subfield code="a">11181/MKRI-P/XII-2008</subfield>
  </datafield>
  <datafield tag="990" ind1=" " ind2=" ">
   <subfield code="a">11182/MKRI-P/XII-2008</subfield>
  </datafield>
  <datafield tag="990" ind1=" " ind2=" ">
   <subfield code="a">11182/MKRI-P/XII-2008</subfield>
  </datafield>
  <datafield tag="990" ind1=" " ind2=" ">
   <subfield code="a">11181/MKRI-P/XII-2008</subfield>
  </datafield>
  <datafield tag="990" ind1=" " ind2=" ">
   <subfield code="a">11181/MKRI-P/XII-2008</subfield>
  </datafield>
  <datafield tag="990" ind1=" " ind2=" ">
   <subfield code="a">11182/MKRI-P/XII-2008</subfield>
  </datafield>
 </record>
</collection>
